Crises and their impact on global tourism

Bibliographic Details
Main Author: Cherni Yathreb
Other Authors: Fábián Tamás
Format: Thesis
Kulcsszavak:global tourism
crises
impact
Online Access:http://dolgozattar.uni-bge.hu/16911

MARC

LEADER 00000nta a2200000 i 4500
001 dolg16911
005 20180919124416.0
008 180518suuuu hu om 000 eng d
040 |a BGE Dolgozattár Repozitórium  |b hun 
041 |a en 
100 1 |a Cherni Yathreb 
245 1 0 |a Crises and their impact on global tourism  |c Cherni Yathreb  |h [elektronikus dokumentum] 
246 1 1 |a Crises and their impact on global tourism 
695 |a global tourism 
695 |a crises 
695 |a impact 
700 1 |a Fábián Tamás  |e ths 
856 4 0 |u http://dolgozattar.uni-bge.hu/16911/1/Cherni%20Yathreb%20thesis.pdf  |z Dokumentum-elérés